000 00644nam a2200217 4500
001 45801
090 _a45801
100 _a19990108f19481950m y0pory50030103ba
101 1 _apor
102 _aPT
200 1 _aO enigma dos gatos brancos
_fEdgard Newilte
_gversão de Manuel Morais
210 9 _aLisboa
_cRomano Torres,
_d[194-]
215 _a181, [11] p.
_d20 cm
225 2 _aGrandes mistérios, grandes aventuras
_v40
304 _aTít. orig.: The foolish man of white cats
317 _aArquivo da Editora Romano Torres
675 _a821.111(73)-31
700 1 _aNewilte,
_bEdgard
702 1 _aMorais,
_bManuel
_4730
801 0 _aPT
_bBN
_gRPC
990 _cLIVROS